Joueurs ayant marqués contre la France depuis 2014 - Statistiques

Statistiques générales
  • Ce quiz a été pris 48 fois
  • Le résultat moyen est 15 sur 74
Statistiques - réponses
Pays Année Compétition Joueur % Correct
Argentine 2022 Coupe du monde Lionel Messi
95%
Croatie 2022 Ligue des nations Luka Modric
84%
Argentine 2018 Coupe du monde Angel Di Maria
82%
Argentine 2022 Coupe du monde Angel Di Maria
82%
Croatie 2018 Coupe du monde Mario Mandzukic
74%
Angleterre 2022 Coupe du monde Harry Kane
71%
Portugal 2021 Euro Cristiano Ronaldo
68%
Pays-Bas 2018 Ligue des nations Memphis Depay
68%
Croatie 2018 Coupe du monde Ivan Perisic
61%
Pologne 2022 Coupe du monde Robert Lewandowski
58%
Portugal 2016 Euro Éder
55%
Allemagne 2014 Coupe du monde Mats Hummels
53%
Belgique 2021 Ligue des nations Romelu Lukaku
50%
Argentine 2018 Coupe du monde Sergio Aguero
47%
Tunisie 2022 Coupe du monde Wahbi Khazri
47%
Suisse 2021 Euro Haris Seferovic
37%
Pays-Bas 2016 Amical Luuk de Jong
37%
Danemark 2022 Coupe du monde Andreas Christensen
32%
Bosnie-Herzégovine 2021 Qualifs CdM Édin Dzeko
32%
Suisse 2014 Coupe du monde Granit Xhaka
32%
Croatie 2022 Ligue des nations Andrej Kramaric
26%
Colombie 2018 Amical Radamel Falcao
26%
Danemark 2022 Ligue des nations Kasper Dolberg
24%
Suède 2016 Qualifs CdM Emil Forsberg
21%
Belgique 2021 Ligue des nations Yannick Carrasco
21%
Australie 2022 Coupe du monde Craig Goodwin
18%
Côte d’Ivoire 2022 Amical Nicolas Pépé
18%
Cameroun 2016 Amical Vincent Aboubakar
18%
Danemark 2022 Ligue des nations Andreas Cornelius
16%
Turquie 2019 Qualifs Euro Cengiz Under
16%
Cameroun 2016 Amical Eric-Maxim Choupo Moting
16%
Argentine 2018 Coupe du monde Ivan Mercado
16%
Australie 2018 Coupe du monde Mile Jedinak
16%
Espagne 2021 Ligue des nations Mikel Oyarzabal
11%
Allemagne 2018 Ligue des nations Toni Kroos
11%
Danemark 2022 Ligue des nations Andreas Skov Olsen
8%
Croatie 2020 Ligue des nations Dejan Lovren
8%
Pays-Bas 2018 Ligue des nations Georginio Wijnaldum
8%
Italie 2018 Amical Leonardo Bonucci
8%
Colombie 2018 Amical Luis Muriel
8%
Suisse 2014 Coupe du monde Blerim Dzemaili
5%
Roumanie 2016 Euro Bodgan Stancu
5%
Italie 2016 Amical Graziano Pellè
5%
Colombie 2018 Amical Juan Fernando Quintero
5%
Suisse 2021 Euro Mario Gavranovic
5%
Suède 2017 Qualifs CdM Ola Toivonen
5%
Irlande 2016 Euro Robbie Brady
5%
Russie 2016 Amical Aleksandr Kokorin
3%
Russie 2018 Amical Fyodor Smolov
3%
Suède 2017 Qualifs CdM Jimmy Durmaz
3%
Bulgarie 2016 Qualifs CdM Mihail Aleksandrov
3%
Croatie 2020 Ligue des nations Nikola Vlasic
3%
Suède 2020 Ligue des nations Robin Quaison
3%
Pays-Bas 2018 Ligue des nations Ryan Babel
3%
Paraguay 2014 Amical Victor Caceres
3%
Suède 2020 Ligue des nations Victor Claesson
3%
Autriche 2022 Ligue des nations Andreas Weimann
0%
Biélorussie 2017 Qualifs CdM Anton Saroka
0%
Hongrie 2021 Euro Attila Fiola
0%
Luxembourg 2017 Qualifs CdM Aurélien Joachim
0%
Islande 2016 Euro Birkir Bjarnason
0%
Islande 2018 Ligue des nations Birkir Bjarnason
0%
Russie 2016 Amical Iouri Jirkov
0%
Croatie 2020 Ligue des nations Josip Brekalo
0%
USA 2018 Amical Julian Green
0%
Turquie 2019 Qualifs Euro Kaan Ayhan
0%
Turquie 2019 Qualifs Euro Kaan Ayhan
0%
Islande 2018 Ligue des nations Kari Arnason
0%
Islande 2016 Euro Kolbein Sigporsson
0%
Ukraine 2021 Qualifs CdM Mykola Shaparenko
0%
Ukraine 2021 Qualifs CdM Serhiyv Sydorchuk
0%
Albanie 2019 Qualifs Euro Sokol Cikalleshi
0%
Moldavie 2019 Qualifs Euro Vadim Rata
0%
Moldavie 2019 Qualifs Euro Vladimir Ambros
0%
Aucun quiz correspondant
Distribution des résultats
% des personnes avec chaque résultat
Percentile par nombre de réponses
Votre historique - résultats
Vous n’avez pas pris ce quiz